Departamenty Księstwa Warszawskiego - Statystyki

Ogólne statystyki
  • Ten quiz został rozwiązany 126 razy
  • Średni wynik to 8 z 10
Odpowiedzi na mapie
Odpowiedzi zakodowano w zielono-czerwonej skali na mapie do tego quizu, zgodnie z poniższymi procentami.
 
Statystyki odpowiedzi
Department % Poprawnych
Warszawski
100%
Poznański
95%
Lubelski
91%
Krakowski
87%
Płocki
80%
Radomski
78%
Bydgoski
76%
Kaliski
65%
Siedlecki
59%
Łomżyński
45%
Nie znaleziono quizów pasujących do podanych kryteriów
Rozkład punktacji
Procent ludzi z każdym wynikiem
Percentyl według liczby udzielonych odpowiedzi
Twoja historia wyników
Nie rozwiązałeś tego quizu